[Event "Gaprindashvili Cup (Women)"]
[Site "Tornelo INT"]
[Date "2020.11.09"]
[Round "6"]
[White "Asatiani, Tamar"]
[Black "Didbaridze, Meri"]
[Result "1/2-1/2"]
[WhiteElo "1004"]
[BlackElo "1264"]
[PlyCount "129"]
[EventDate "2020.11.08"]
[EventType "swiss (rapid)"]
[EventRounds "9"]
[EventCountry "GEO"]
[SourceTitle "CBM 199 Extra"]
[Source "ChessBase"]
[SourceDate "2021.01.31"]
[SourceVersion "1"]
[SourceVersionDate "2021.01.31"]
[SourceQuality "1"]

1. e4 e6 2. d4 d5 3. e5 c5 4. c3 Nc6 5. Nf3 Qb6 6. a3 Bd7 7. b4 cxd4 8. cxd4 a6 9. Be2 Nge7 10. 0-0 Nf5 11. Bb2 Rc8 12. Qd3 Na7 13. Nc3 Nb5 14. Na4 Qd8 15. Nc5 Bxc5 16. bxc5 Nh4 17. a4 Na7 18. Rfe1 Nc6 19. Bc3 Nxf3+ 20. Qxf3 Qh4 21. Bd3 Nxd4 22. Bxd4 Qxd4 23. Rab1 Bc6 24. Qg3 Kf8 25. Re3 Qxc5 26. Rf3 Qe7 27. a5 Bb5 28. h3 Bxd3 29. Rxd3 Rc7 30. Rc3 Rxc3 31. Qxc3 g6 32. Qc8+ Kg7 33. Qxb7 Qxb7 34. Rxb7 Ra8 35. Kf1 g5 36. Ke2 Kg6 37. Ke3 Kf5 38. Rxf7+ Kxe5 39. Rxh7 Rc8 40. Rh5 Kf6 41. Rh6+ Ke5 42. Rh5 Rc3+ 43. Kd2 Ra3 44. Rxg5+ Kf6 45. f4 Rxa5 46. h4 Rb5 47. h5 Rb8 48. h6 Rh8 49. Rh5 Kg6 50. Re5 Rxh6 51. Rxe6+ Kg7 52. Re7+ Kf8 53. Ra7 Rf6 54. Ke3 Re6+ 55. Kd4 Re4+ 56. Kxd5 Rxf4 57. Rxa6 Rg4 58. Ra2 Kg7 59. Rf2 Kg6 60. Rf8 Kg7 61. Rf2 Kg6 62. Ke5 Kg5 63. Rf5+ Kh4 64. Rf4 Kg3 65. Rxg4+ 1/2-1/2

[Event "Gaprindashvili Cup (Women)"]
[Site "Tornelo INT"]
[Date "2020.11.08"]
[Round "3"]
[White "Nikoladze, Sopio"]
[Black "Didbaridze, Meri"]
[Result "1-0"]
[WhiteElo "2132"]
[BlackElo "1264"]
[PlyCount "67"]
[EventDate "2020.11.08"]
[EventType "swiss (rapid)"]
[EventRounds "9"]
[EventCountry "GEO"]
[SourceTitle "CBM 199 Extra"]
[Source "ChessBase"]
[SourceDate "2021.01.31"]
[SourceVersion "1"]
[SourceVersionDate "2021.01.31"]
[SourceQuality "1"]

1. d4 d5 2. Nf3 Nf6 3. e3 Bf5 4. c4 e6 5. Nc3 c6 6. Nh4 Bg6 7. Nxg6 hxg6 8. Bd2 Bd6 9. f4 Nbd7 10. Bd3 Nh5 11. Qf3 Qh4+ 12. Ke2 Nhf6 13. Rag1 Qg4 14. Qxg4 Nxg4 15. h3 Ngf6 16. g4 dxc4 17. Bxc4 Nd5 18. Kf3 N7b6 19. Bb3 0-0-0 20. Ne2 Nd7 21. e4 Nb4 22. a3 Na6 23. f5 gxf5 24. gxf5 exf5 25. exf5 Rh5 26. Rxg7 Rxf5+ 27. Kg2 Rf8 28. h4 Re8 29. Nc3 f6 30. Bc2 Bf8 31. Rxd7 Kxd7 32. Bxf5+ Kd6 33. Bf4+ Ke7 34. Re1+ 1-0